MARC

Tag First Indicator Second Indicator Subfields
LEADER 00000cas a2200000 a 4500
001 in00002784744
005 20151202172150.0
006 m o d
007 cr bn||||||abp
007 cr bn||||||ada
007 cr un||||a|a||
008 100414c19989999sp fx poo 0 0spa c
010 |a  2010235206 
016 7 |a 2556629-5  |2 DE-600 
019 |a 607641701 
022 |l 1139-1405  |y 1139-1405 
029 1 |a HEBIS  |b 22373053X 
029 1 |a NZ1  |b 13447453 
035 |a (OCoLC)ocn607363465 
035 |a (OCoLC)607363465  |z (OCoLC)607641701 
040 |a OCLCE  |b eng  |c OCLCE  |d EYM  |d HUL  |d HEBIS  |d OCLCQ  |d TXA  |d UtOrBLW 
042 |a dlr  |a pcc 
043 |a e-sp--- 
049 |a TXAM 
050 4 |a HN1  |b .A95 Electronic 
245 0 0 |a Aula-historia social. 
246 3 0 |a Historia social 
246 3 0 |a Aula 
264 1 |a Valencia :  |b Centro Francisco Tomás y Valiente UNED Alzira-Valencia :  |b Fundación Instituto Historia Social,  |c [1998-] 
264 4 |c ©1998- 
310 |a Twice a year 
336 |a text  |b txt  |2 rdacontent 
337 |a computer  |b c  |2 rdamedia 
338 |a online resource  |b cr  |2 rdacarrier 
362 1 |a Began with: No. 1 (primavera 1998). 
500 |a Description based on: Number 1 (primavera 1998); title from cover (JSTOR, viewed May 26, 2010). 
500 |a Latest issue consulted: Number 18 (otoño 2006) (JSTOR, viewed May 26, 2010). 
506 |3 Use copy  |f Restrictions unspecified  |2 star  |5 MiAaHDL 
533 |a Electronic reproduction.  |b [S.l.] :  |c HathiTrust Digital Library,  |d 2010.  |5 MiAaHDL 
583 1 |a digitized  |c 2010  |h HathiTrust Digital Library  |l committed to preserve  |2 pda  |5 MiAaHDL 
500 |a Electronic resource. 
650 0 |a Social history  |v Periodicals. 
651 0 |a Spain  |x Social conditions  |v Periodicals. 
651 0 |a Spain  |x Civilization  |v Periodicals. 
710 2 |a Fundación Instituto de Historia Social (Valencia, Spain) 
710 2 |a Centro Francisco Tomás y Valiente UNED Alzira-Valencia. 
730 0 |a Historia social (Valencia, Spain : Online) 
772 0 |t Historia social (Valencia, Spain : Online)  |w (OCoLC)606013449  |w (DLC) 2010235205 
776 0 8 |i Also issued in print:  |t Aula-historia social  |x 1139-1405  |w (OCoLC)41270155 
948 |a cataloged  |b h  |c 2012/12/20  |d c  |e spoltoratski  |f 3:50:22 pm  |g sc 
994 |a C0  |b TXA 
999 |a MARS 
999 f f |s f3bd6c1a-291b-3421-a5c9-dd6b21ff3e5a  |i e0db8290-bcd4-37c9-a668-57f1d7c06960  |t 0 
952 f f |a Texas A&M University  |b College Station  |c Electronic Resources  |d Available Online  |t 0  |e HN1 .A95  |g Electronic  |h Library of Congress classification 
998 f f |a HN1 .A95  |t 0  |l Available Online